Tubby Time for Little Ernie / (Record no. 4057)

MARC details
000 -LEADER
fixed length control field 00923nam a22002537a 4500
001 - CONTROL NUMBER
control field 4057
003 - CONTROL NUMBER IDENTIFIER
control field FISKH
005 - DATE AND TIME OF LATEST TRANSACTION
control field 20240604112725.0
008 - FIXED-LENGTH DATA ELEMENTS--GENERAL INFORMATION
fixed length control field 240604b cb ||||| |||| 00| 0 eng d
020 ## - INTERNATIONAL STANDARD BOOK NUMBER
International Standard Book Number 090129894994
040 ## - CATALOGING SOURCE
Original cataloging agency FISKH
Language of cataloging eng
Transcribing agency FISKH
Modifying agency FISKH
100 ## - MAIN ENTRY--PERSONAL NAME
Personal name Gorbaty, Norman
Relator term author
245 ## - TITLE STATEMENT
Title Tubby Time for Little Ernie /
Statement of responsibility, etc. Illustrated by Norman Gorbaty
260 ## - PUBLICATION, DISTRIBUTION, ETC.
Place of publication, distribution, etc. New York :
Name of publisher, distributor, etc. Children's Television Workshop , Seasame Street Muppets ;
Date of publication, distribution, etc. 1998 , 1987
300 ## - PHYSICAL DESCRIPTION
Extent 10 unnumbered pages :
Other physical details color illustrations ;
Dimensions 20 cm .
490 ## - SERIES STATEMENT
Series statement Sesame Street
505 ## - FORMATTED CONTENTS NOTE
Formatted contents note C <br/>
520 ## - SUMMARY, ETC.
Summary, etc. Splish-splash, guess who's taking a bath? It's Little Ernie, and he's having a bubbly time getting clean with his rubber duckie and toy boats!
521 8# - TARGET AUDIENCE NOTE
Target audience note 100 <br/>
Source Lexile estimate <br/>
521 8# - TARGET AUDIENCE NOTE
Target audience note C <br/>
Source Raz-Plus <br/>
700 ## - ADDED ENTRY--PERSONAL NAME
Personal name Gorbaty, Norman
Relator term illustrator
942 ## - ADDED ENTRY ELEMENTS (KOHA)
Source of classification or shelving scheme Dewey Decimal Classification
Koha item type Books
Suppress in OPAC No
Holdings
Withdrawn status Lost status Source of classification or shelving scheme Damaged status Not for loan Collection Home library Current library Shelving location Date acquired Total Checkouts Full call number Barcode Date last seen Price effective from Koha item type
    Dewey Decimal Classification     Juvenile Fiction Footprints International School Library Network Toul Kork Campus Footprints International School Library Network Toul Kork Campus   06/04/2024   GOR FIS01661 06/04/2024 06/04/2024 Books